Zia-ul-Quran (Record no. 179256)
[ view plain ]
| 000 -LEADER | |
|---|---|
| fixed length control field | 00493 a2200169 4500 |
| 003 - CONTROL NUMBER IDENTIFIER | |
| control field | Nust |
| 005 - DATE AND TIME OF LATEST TRANSACTION | |
| control field | 20221208092644.0 |
| 040 ## - CATALOGING SOURCE | |
| Transcribing agency | Nust |
| 082 ## - DEWEY DECIMAL CLASSIFICATION NUMBER | |
| Classification number | 297.122,ALZ |
| 100 ## - MAIN ENTRY--PERSONAL NAME | |
| Personal name | Pir Mohammad Karam Shah |
| 9 (RLIN) | 104402 |
| 245 ## - TITLE STATEMENT | |
| Title | Zia-ul-Quran |
| Remainder of title | ( Jild ) Vol: 1, 2 ,4,5 / |
| Statement of responsibility, etc. | Pir Muhammad Karam Shah Alazhri |
| 260 ## - PUBLICATION, DISTRIBUTION, ETC. | |
| Place of publication, distribution, etc. | pakistan(Lahore) |
| Name of publisher, distributor, etc. | Zia-ul-Quran |
| 300 ## - PHYSICAL DESCRIPTION | |
| Extent | 672:p |
| 600 ## - SUBJECT ADDED ENTRY--PERSONAL NAME | |
| Personal name | Pir Muhammad karam Shah Alzahar |
| 9 (RLIN) | 104403 |
| 650 ## - SUBJECT ADDED ENTRY--TOPICAL TERM | |
| Topical term or geographic name entry element | Zia ul Quran |
| 9 (RLIN) | 104404 |
| 942 ## - ADDED ENTRY ELEMENTS (KOHA) | |
| Source of classification or shelving scheme | |
| Koha item type | Book |
| Call number prefix | 297.122,ALZ |
| Withdrawn status | Lost status | Source of classification or shelving scheme | Damaged status | Not for loan | Permanent Location | Current Location | Shelving location | Date acquired | Total Checkouts | Full call number | Barcode | Date last seen | Date last checked out | Price effective from | Koha item type | Public note |
|---|---|---|---|---|---|---|---|---|---|---|---|---|---|---|---|---|
| Military College of Signals (MCS) | Military College of Signals (MCS) | General Stacks | 12/12/2016 | 4 | 297.122,AIZ | MCS31377 | 05/13/2025 | 02/10/2025 | 12/12/2016 | Book | Almirah No.48, Shelf No.1 | |||||
| Military College of Signals (MCS) | Military College of Signals (MCS) | General Stacks | 12/12/2016 | 1 | 297.122,AIZ | MCS31378 | 07/21/2023 | 07/19/2023 | 12/12/2016 | Book | Almirah No.48, Shelf No.1 | |||||
| Military College of Signals (MCS) | Military College of Signals (MCS) | General Stacks | 12/12/2016 | 297.122,AIZ | MCS31379 | 12/08/2016 | 12/12/2016 | Book | Almirah No.48, Shelf No.1 | |||||||
| Military College of Signals (MCS) | Military College of Signals (MCS) | General Stacks | 12/12/2016 | 297.122,AIZ | MCS31380 | 12/08/2016 | 12/12/2016 | Book | Almirah No.48, Shelf No.1 | |||||||
| Military College of Signals (MCS) | Military College of Signals (MCS) | General Stacks | 12/12/2016 | 297.122,AIZ | MCS31381 | 12/08/2016 | 12/12/2016 | Book | Almirah No.48, Shelf No.1 |
